Learning Resource and Development

An offer from a gentleman / (Record no. 28800)

MARC details
000 -LEADER
fixed length control field 02379cam a22004213a 4500
001 - CONTROL NUMBER
control field 12748085
003 - CONTROL NUMBER IDENTIFIER
control field CSPC
005 - DATE AND TIME OF LATEST TRANSACTION
control field 20250210141801.0
008 - FIXED-LENGTH DATA ELEMENTS--GENERAL INFORMATION
fixed length control field 010705s2001 nyu 000 1 eng d
010 ## - LIBRARY OF CONGRESS CONTROL NUMBER
LC control number 2002568860
020 ## - INTERNATIONAL STANDARD BOOK NUMBER
International Standard Book Number 0380815583
Terms of availability $6.99
020 ## - INTERNATIONAL STANDARD BOOK NUMBER
International Standard Book Number 9780063139510
024 1# - OTHER STANDARD IDENTIFIER
Standard number or code 071001006995
035 ## - SYSTEM CONTROL NUMBER
System control number (OCoLC)ocm47243944
040 ## - CATALOGING SOURCE
Original cataloging agency JBI
Transcribing agency JBI
Modifying agency SLC
-- DLC
-- CSPC
042 ## - AUTHENTICATION CODE
Authentication code lccopycat
050 04 - LIBRARY OF CONGRESS CALL NUMBER
Classification number PS3617.U57 B75
100 1# - MAIN ENTRY--PERSONAL NAME
Personal name Quinn, Julia,
Dates associated with a name 1970-
Relator term author.
245 13 - TITLE STATEMENT
Title An offer from a gentleman /
Statement of responsibility, etc. Julia Quinn.
264 #1 - PRODUCTION, PUBLICATION, DISTRIBUTION, MANUFACTURE, AND COPYRIGHT NOTICE
Place of production, publication, distribution, manufacture New York :
Name of producer, publisher, distributor, manufacturer Avon Books,
Date of production, publication, distribution, manufacture, or copyright notice 2001.
300 ## - PHYSICAL DESCRIPTION
Extent 377 p. ;
Dimensions 18 cm.
336 ## - CONTENT TYPE
Source rdacontent
Content type term text
337 ## - MEDIA TYPE
Source rdamedia
Media type term unmediated
338 ## - CARRIER TYPE
Source rdacarrier
Carrier type term volume
490 ## - SERIES STATEMENT
Series statement Avon historical romance,
-- The Bridgerton series ;
Volume/sequential designation 3
520 ## - SUMMARY, ETC.
Summary, etc. Sophie Beckett never dreamed she'd be able to sneak into Lady Bridgerton's famed masquerade ball--or that 'Prince Charming' would be waiting there for her! Though the daughter of an earl, Sophie has been relegated to the role of servant by her disdainful stepmother. But now, spinning in the strong arms of the debonair and devastatingly handsome Benedict Bridgerton, she feels like royalty. Alas, she knows all enchantments must end when the clock strikes midnight. Who was that extraordinary woman? Ever since that magical night, a radiant vision in silver has blinded Benedict to the attractions of any other--except, perhaps, this alluring and oddly familiar beauty dressed in housemaid's garb whom he feels compelled to rescue from a most disagreeable situation. He has sworn to find and wed his mystery miss, but this breathtaking maid makes him weak with wanting her. Yet, if he offers her his heart, will Benedict sacrifice his only chance for a fairy tale love?"--Provided by publisher.
651 #0 - SUBJECT ADDED ENTRY--GEOGRAPHIC NAME
Geographic name England
General subdivision Social life and customs
Chronological subdivision 19th century
Form subdivision Fiction.
651 #0 - SUBJECT ADDED ENTRY--GEOGRAPHIC NAME
Geographic name London (England)
General subdivision Fiction.
655 #7 - INDEX TERM--GENRE/FORM
Genre/form data or focus term Love stories.
Source of term gsafd
655 #7 - INDEX TERM--GENRE/FORM
Genre/form data or focus term Historical fiction.
Source of term gsafd
655 #7 - INDEX TERM--GENRE/FORM
Genre/form data or focus term Romance fiction.
655 #7 - INDEX TERM--GENRE/FORM
Genre/form data or focus term Novels of manners.
856 42 - ELECTRONIC LOCATION AND ACCESS
Materials specified Publisher description
Uniform Resource Identifier <a href="http://www.loc.gov/catdir/description/hc041/2002568860.html">http://www.loc.gov/catdir/description/hc041/2002568860.html</a>
906 ## - LOCAL DATA ELEMENT F, LDF (RLIN)
a 7
b cbc
c copycat
d 2
e ncip
f 20
g y-genrareb
942 ## - ADDED ENTRY ELEMENTS (KOHA)
Source of classification or shelving scheme Dewey Decimal Classification
Koha item type Books
Call number prefix FIC
Item part Q443o
Call number suffix 2001
Suppress in OPAC No
Holdings
Withdrawn status Lost status Source of classification or shelving scheme Damaged status Not for loan Home library Current library Shelving location Date acquired Total Checkouts Full call number Barcode Date last seen Date last checked out Copy number Price effective from Koha item type
    Dewey Decimal Classification     Main Library Main Library Fiction Section 02/10/2025 6 FIC Q443o 2001 028935 04/08/2026 03/19/2026 1-1 02/10/2025 Books